[Event "IV Stadium Casablanca Open"]
[Site "Zaragoza ESP"]
[Date "2010.12.31"]
[Round "9"]
[White "Antoli Royo,J"]
[Black "Quintin Navarro,A"]
[Result "1-0"]
[WhiteElo "2439"]
[BlackElo "2135"]

1.e4 c5 2.Nc3 Nc6 3.Nf3 e5 4.Bc4 d6 5.d3 Be7 6.Nd2 Nf6 7.Nf1 Bg4 8.Qd2 O-O
9.Ne3 Be6 10.Ncd5 Bxd5 11.Bxd5 Nxd5 12.Nxd5 Nd4 13.O-O Ne6 14.Qd1 Bg5 15.Be3 Bxe3
16.Nxe3 g6 17.Rb1 b6 18.b4 Qg5 19.c3 h5 20.Qf3 Qf4 21.Qh3 Kg7 22.a4 Rac8
23.b5 Qf6 24.Rfd1 Rfd8 25.a5 Nf4 26.Qf3 d5 27.Kf1 Qe6 28.g3 d4 29.gxf4 dxe3
30.axb6 axb6 31.fxe3 Qf6 32.f5 gxf5 33.Rb2 c4 34.d4 f4 35.Rg2+ Kf8 36.Rf2 Qg7
37.d5 Rd7 38.exf4 exf4 39.Qxf4 Qxc3 40.e5 Qh3+ 41.Rg2 c3 42.Qh6+ Ke8 43.Qh8+ Ke7
44.d6+ Rxd6 45.exd6+ Kd7 46.Qf6  1-0

[Event "23rd Staufer-Open"]
[Site "Leinzell GER"]
[Date "2011.01.02"]
[Round "3"]
[White "Dorst,J"]
[Black "Ikonnikov,Vy"]
[Result "1/2-1/2"]
[WhiteElo "2168"]
[BlackElo "2580"]

1.e4 c5 2.Nc3 Nc6 3.Nf3 Nd4 4.Bc4 e6 5.O-O a6 6.a4 Qc7 7.d3 Bd6 8.h3 Nxf3+
9.Qxf3 Ne7 10.Qg4 Be5 11.Ne2 h5 12.Qf3 b6 13.Qe3 d5 14.Ba2 dxe4 15.dxe4 c4
16.c3 Bb7 17.Nd4 g5 18.Qe2 g4 19.h4 Rc8 20.Bg5 f6 21.Bd2 Kf7 22.f4 Bxd4+
23.cxd4 f5 24.Rac1 b5 25.b3 Bxe4 26.bxc4 bxc4 27.Bxc4 Qd7 28.a5 g3 29.Bxa6 Qxd4+
30.Be3 Qf6 31.Bxc8 Nxc8 32.Rfd1 Ne7 33.Rd7 Qxh4 34.Rcc7 Re8 35.Bc5 Qh2+ 36.Kf1 Qh1+
37.Bg1 Qh4 38.Qd2 Qh1 39.Qe2 Qh4 40.Qd2 Qh1 41.a6 h4 42.Qe2 Kf8 43.Qb2 Kf7
44.Qe2 Kf8 45.Qb2 Kf7 46.Qe2  1/2-1/2

[Event "Rilton Cup 2010-11"]
[Site "Stockholm SWE"]
[Date "2011.01.03"]
[Round "7"]
[White "Groetz,H"]
[Black "Lindgren,P"]
[Result "1-0"]
[WhiteElo "2314"]
[BlackElo "2091"]

1.e4 c5 2.Nc3 Nc6 3.Bb5 g6 4.Bxc6 dxc6 5.d3 Bg7 6.Be3 b6 7.Qd2 e5 8.Nge2 Qe7
9.O-O Nf6 10.h3 Nd7 11.f4 exf4 12.Bxf4 O-O 13.Bh6 Re8 14.Bxg7 Kxg7 15.Rf2 Ne5
16.Raf1 Bd7 17.Qe3 Rad8 18.Qg3 Bc8 19.Nd1 Rd6 20.Ne3 Rf8 21.Nf4 Kh8 22.b3 f6
23.h4 Rg8 24.h5 gxh5 25.Qh4 Ng4 26.Nxg4 Bxg4 27.Nxh5 Bxh5 28.Qxh5 Rg6 29.Rf5 Re6
30.R5f2 Qg7 31.a4 a5 32.Qf3 h6 33.Qf4 Kh7 34.Qb8 Rg3 35.Qxb6 Qg4 36.Qc7+ Kg6
37.Qc8  1-0

[Event "118th ch-NZL 2011"]
[Site "Auckland NZL"]
[Date "2011.01.04"]
[Round "3.10"]
[White "Forster,W"]
[Black "Stuart,P"]
[Result "1-0"]
[WhiteElo "1908"]
[BlackElo "2025"]

1.e4 c5 2.Nc3 Nc6 3.Bb5 e6 4.Bxc6 dxc6 5.d3 Nf6 6.f4 Be7 7.Nf3 O-O 8.O-O Qc7
9.Kh1 Rd8 10.Qe1 b5 11.Ne5 Nd7 12.Qf2 f6 13.Nxd7 Bxd7 14.Be3 c4 15.dxc4 bxc4
16.Qe2 Be8 17.Qxc4 Bf7 18.Qe2 e5 19.f5 Qa5 20.Rfd1 Qb4 21.Bc1 Bc4 22.Qg4 Rxd1+
23.Qxd1 Rd8 24.Qg4 Bf8 25.a3 Qc5 26.Qf3 Qb6 27.b3 Bf7 28.Be3 Qa5 29.Na4 a6
30.Bb6 Qd2 31.Bxd8  1-0

[Event "XIV New Year Open"]
[Site "Guben GER"]
[Date "2011.01.04"]
[Round "5.1"]
[White "Stets,D"]
[Black "Womacka,M"]
[Result "0-1"]
[WhiteElo "2474"]
[BlackElo "2471"]

1.e4 c5 2.Nc3 Nc6 3.Nf3 e5 4.Bc4 Be7 5.d3 d6 6.O-O Nf6 7.Ng5 O-O 8.f4 exf4
9.Bxf4 h6 10.Nf3 Be6 11.Nd5 Nb4 12.Nxf6+ Bxf6 13.c3 Nc6 14.Qe1 Bxc4 15.dxc4 Re8
16.Rd1 Qe7 17.Qg3 Qxe4 18.Bxh6 Re6 19.Rde1 Qd3 20.Rxe6 fxe6 21.Re1 Ne5 22.Bf4 Qxc4
23.Nxe5 dxe5 24.Bxe5 Bxe5 25.Qxe5 Qxa2 26.Qxc5 Qxb2 27.h3 Rf8 28.Qe5 Qf2+
29.Kh2 Qf4+ 30.Qxf4 Rxf4 31.Rxe6 Rf6 32.Re8+ Rf8 33.Re1 Rc8 34.Rb1 b6 35.Rb3 Kf7
36.Kg3 Ke6 37.Kf4 Kd5 38.h4 Kc4 39.Ra3 a5 40.g4 Rc5 41.h5 Kd3 42.g5 Kc2 43.Ra1 Kb2
44.Rh1 a4 45.h6 gxh6 46.gxh6 Rc8 47.h7 Rh8 48.c4 a3 49.Rh6 Kc3 50.Rxb6 Rxh7
51.Ra6 Kb3 52.Ke4 a2 53.Kd5 Rh5+ 54.Kd4 Rh1 55.c5 Rh4+ 56.Kd5 Ra4 57.Rb6+ Kc2
58.c6 a1=Q 59.c7  0-1

[Event "Berkeley Int Open"]
[Site "Berkeley USA"]
[Date "2011.01.06"]
[Round "8"]
[White "Liou,Y"]
[Black "Sandberg,E"]
[Result "1/2-1/2"]
[WhiteElo "2285"]
[BlackElo "2173"]

1.e4 c5 2.Nf3 Nc6 3.Nc3 Nf6 4.Bc4 e6 5.Bb5 Qc7 6.O-O Nd4 7.Re1 a6 8.Bf1 Ng4
9.g3 Nxf3+ 10.Qxf3 Ne5 11.Qe2 Be7 12.d3 O-O 13.Bg2 b5 14.f4 b4 15.Nd1 Nc6
16.Ne3 d6 17.Nc4 Bb7 18.b3 d5 19.exd5 exd5 20.Ne3 Nd4 21.Qf2 Bf6 22.Rb1 Nb5
23.Ng4 Bc3 24.Bd2 Bd4 25.Be3 Bc3 26.Bd2 Bd4  1/2-1/2

[Event "Australian Open"]
[Site "Cammeray AUS"]
[Date "2011.01.06"]
[Round "5.4"]
[White "Canfell,G"]
[Black "Brown,An"]
[Result "1-0"]
[WhiteElo "2297"]
[BlackElo "2175"]

1.e4 c5 2.Nc3 Nc6 3.Nge2 e5 4.Nd5 d6 5.Nec3 a6 6.g3 g6 7.Bg2 Bg7 8.d3 h6
9.O-O Nge7 10.f4 f5 11.exf5 Nxf5 12.g4 Nh4 13.f5 O-O 14.fxg6 Nxg2 15.Kxg2 Be6
16.Rxf8+ Bxf8 17.g5 Ne7 18.Nxe7+ Bxe7 19.gxh6 Qd7 20.Qh5 Bg4 21.h7+ Kh8 22.Qh6 Bf8
23.Qh4 Be7 24.Bg5 Bxg5 25.Qxg5 Qf5 26.Qxf5 Bxf5 27.Rf1 Bxg6 28.Rf6 Kxh7 29.Rxd6 c4
30.Rd7+ Kh6 31.dxc4 b5 32.cxb5 axb5 33.Rb7 Bxc2 34.Rxb5 Re8 35.Kf3 Kg5 36.Ne4+ Kh4
37.Rc5 Bd1+ 38.Ke3 Rb8 39.Nf2 Bh5 40.Nd3 e4 41.Kxe4 Bg6+ 42.Ke3 Bxd3 43.Kxd3 Rxb2
44.Rc2 Rb8 45.a4 Rd8+ 46.Ke4 Kg5 47.Ra2 Kf6 48.a5  1-0

[Event "XX Keres Mem Rapid Prelim"]
[Site "Tallinn EST"]
[Date "2011.01.07"]
[Round "4"]
[White "Paakkonen,T"]
[Black "Lugovoi,A"]
[Result "0-1"]
[WhiteElo "2300"]
[BlackElo "2531"]

1.e4 c5 2.Nc3 Nc6 3.Nge2 d6 4.d4 cxd4 5.Nxd4 Nf6 6.Be3 Ng4 7.Bg5 h6 8.Bh4 g5
9.Bg3 Bg7 10.Nb3 Be6 11.Be2 Nge5 12.Nd5 O-O 13.Qd2 f5 14.exf5 Bxf5 15.O-O e6
16.Ne3 Bg6 17.c4 Qe7 18.Rad1 Rad8 19.Ng4 Nxg4 20.Bxg4 Ne5 21.Be2 Qf6 22.Qe3 Nf7
23.Qxa7 Qxb2 24.Rd2 Qc3 25.Rc1 Qf6 26.Qxb7 h5 27.f3 Bh6 28.Rf1 Ne5 29.Qb5 g4
30.Bxe5 dxe5 31.Rxd8 Rxd8 32.fxg4 Qg5 33.Qb6 Kh8 34.gxh5 Bf5 35.Kh1 Rg8 36.Rg1 Qh4
37.Bf3 Bf4 38.g3 Bxg3 39.Rg2 e4 40.Qd4+ e5 41.Qd6 exf3 42.Qh6+ Bh7 43.Rxg3 Rxg3
44.Nd2 f2 45.Qf8+ Rg8  0-1

[Event "Berkeley Int Open"]
[Site "Berkeley USA"]
[Date "2011.01.08"]
[Round "10"]
[White "Carreto Nieto,G"]
[Black "Kleinman,Michael"]
[Result "1-0"]
[WhiteElo "2231"]
[BlackElo "2127"]

1.e4 c5 2.Nc3 Nc6 3.Nge2 g6 4.d4 cxd4 5.Nxd4 Bg7 6.Be3 Nf6 7.Bc4 O-O 8.Bb3 d6
9.f3 Bd7 10.Qd2 Rc8 11.O-O-O Ne5 12.Kb1 Re8 13.h4 h5 14.g4 hxg4 15.h5 Nxh5
16.Bh6 e6 17.Rdg1 Qf6 18.fxg4 Bxh6 19.Qxh6 Qg7 20.Qe3 Nf6 21.g5 Nh5 22.Ndb5 Bxb5
23.Nxb5 Red8 24.Qxa7 Nf3 25.Rg2 Qe5 26.Qe3 Ne1 27.Qxe1 Qxb5 28.c3 Kg7 29.Qe3 Qc5
30.Qf3 Qe5 31.Rf1 Rc7 32.Bd1 Rh8 33.Rg4 Rh7 34.Qe3 Rc5 35.Rg2 Kg8 36.Qd4 Nf4
37.Rd2 Nh3 38.Qxd6 Qxd6 39.Rxd6 Rc7 40.a4 Nxg5 41.Bc2 Kf8 42.a5 Ke7 43.Rd4 f6
44.Bd3 Nf7 45.a6 bxa6 46.Bxa6 Ne5 47.Rf2 Rh3 48.Kc2 g5 49.Bf1 Rh8 50.c4 g4
51.Kc3 g3 52.Rg2 Rg8 53.Be2 f5 54.exf5 exf5 55.b4 Ke6 56.c5 Rh7 57.b5 Rh2
58.Bf1 Nf3 59.Rd3 Ng5 60.Rdxg3 Ne4+ 61.Kb4 Rxg3 62.Rxh2 Rg1 63.Bc4+ Ke5 64.Rb2 Kd4
65.b6 Rc1 66.b7 Rxc4+ 67.Kb5 Nc3+ 68.Kc6 Rxc5+ 69.Kd7 Rb5 70.Rxb5 Nxb5 71.b8=Q  1-0

[Event "TCh-NED Meesterklasse 2010-11"]
[Site "Netherlands NED"]
[Date "2011.01.08"]
[Round "5.9"]
[White "Riemens,A"]
[Black "Riemens,M"]
[Result "1/2-1/2"]
[WhiteElo "2158"]
[BlackElo "2250"]

1.e4 c5 2.Ne2 Nc6 3.Nbc3 g6 4.g3 Bg7 5.Bg2 Rb8 6.a4 a6 7.d3 b5 8.axb5 axb5
9.O-O b4 10.Nd5 e6 11.Ne3 Nge7 12.f4 Nd4 13.g4 f5 14.gxf5 exf5 15.e5 d6 16.exd6 Qxd6
17.Nc4 Qc7 18.Nxd4 cxd4 19.b3 O-O 20.Bd2 Rd8 21.Qe1 Nd5 22.Ra2 Nc3 23.Ra1 Bd7
24.Qf2 Bc6 25.Rfe1 Re8  1/2-1/2

[Event "Australian Open"]
[Site "Cammeray AUS"]
[Date "2011.01.09"]
[Round "7.7"]
[White "Ly,Mo"]
[Black "Lester,G"]
[Result "1-0"]
[WhiteElo "2321"]
[BlackElo "1951"]

1.e4 c5 2.Nc3 Nc6 3.Bb5 Nd4 4.Bc4 e6 5.Nge2 Ne7 6.Nxd4 cxd4 7.Ne2 Nc6 8.d3 b5
9.Bb3 Bb7 10.O-O Bc5 11.a3 Qh4 12.Bf4 O-O 13.Qd2 Qe7 14.Bg5 f6 15.Bh4 g5
16.Bg3 f5 17.f3 g4 18.exf5 gxf3 19.Rxf3 Na5 20.Rf4 Nxb3 21.Rg4+ Kf7 22.cxb3 e5
23.b4 Bb6 24.Qh6  1-0

[Event "1st HDBank Cup"]
[Site "Ho Chi Minh City VIE"]
[Date "2011.01.09"]
[Round "9.24"]
[White "Nguyen Thanh Son"]
[Black "Ton,T"]
[Result "1-0"]
[WhiteElo "2437"]
[BlackElo "2232"]

1.e4 c5 2.Nf3 Nc6 3.Nc3 g6 4.d4 cxd4 5.Nxd4 Bg7 6.Be3 d6 7.Bc4 Nf6 8.h3 Bd7
9.O-O O-O 10.Bb3 a5 11.a4 Nb4 12.f4 Bc6 13.Qf3 Nd7 14.Rad1 Rc8 15.Rd2 Nc5
16.Rfd1 Nxb3 17.cxb3 Qc7 18.Qf2 Ra8 19.Nf3 Qc8 20.Qh4 Bf6 21.Ng5 Bxg5 22.Qxg5 f6
23.Qg3 Kh8 24.e5 dxe5 25.fxe5 Qe6 26.Bh6 Rfe8 27.exf6 exf6 28.Rd6 Qxb3 29.Qf2  1-0

[Event "9th Parsvnath Open"]
[Site "New Delhi IND"]
[Date "2011.01.10"]
[Round "5.48"]
[White "Mohammad,J"]
[Black "Harihara,S"]
[Result "1/2-1/2"]
[WhiteElo "2238"]
[BlackElo "1995"]

1.e4 c5 2.Nf3 Nc6 3.Nc3 e5 4.Bc4 Be7 5.d3 d6 6.Nd2 Nf6 7.Nf1 Bg4 8.f3 Be6
9.Ne3 O-O 10.O-O Rb8 11.a4 Nd4 12.Ned5 Qd7 13.Nxe7+ Qxe7 14.f4 exf4 15.Bxe6 Nxe6
16.Bxf4 Nxf4 17.Rxf4 Rbd8 18.Qf3 Qe6 19.Rf5 Nd7 20.Rf1 Ne5 21.Qg3 Nc6 22.Rg5 Qh6
23.Nd5 Nd4 24.Kh1 Kh8 25.c3 Ne6 26.Rgf5 Rd7 27.h3 f6 28.Ne3 Qg6 29.Qh4 Kg8
30.R1f3 Ng5 31.Rg3 Re7 32.Qf4 Rd8 33.Nd5 Rf7 34.h4 Qh5 35.Rg4 Rdf8 36.Kg1 g6
37.Nxf6+ Rxf6 38.Rxf6 Rxf6 39.Qxg5 Qxg5 40.Rxg5 Kf7 41.e5 dxe5 42.Rxe5 b6
43.Re3 Rd6 44.Kf2 Rd5 45.Kf3 Rf5+ 46.Kg4 Rd5 47.g3 Rf5 48.Re4 h5+ 49.Kh3 Rd5
50.Re3 Rf5 51.Kg2 Rd5 52.Kf3 Rf5+ 53.Ke2 Rd5 54.Re4 g5 55.Ke3 Rf5 56.d4 cxd4+
57.Rxd4 Ke7 58.hxg5 Rxg5 59.Kf4 Rg4+ 60.Kf3 Rg5 61.Kg2 Re5 62.Kf3 Rg5 63.c4 Rf5+
64.Rf4 Ra5 65.b3 a6 66.Ke4 Rg5 67.Rf3 b5 68.cxb5 axb5 69.axb5 Rxb5 70.Kd4 Kd6
71.Kc4 Rc5+ 72.Kb4 Rg5 73.Ka4 h4 74.gxh4 Rg4+ 75.b4 Rxh4 76.Kb5 Kc7  1/2-1/2

[Event "9th Parsvnath Open"]
[Site "New Delhi IND"]
[Date "2011.01.10"]
[Round "5.18"]
[White "Gupte,M"]
[Black "Stefansson,H"]
[Result "0-1"]
[WhiteElo "2207"]
[BlackElo "2580"]

1.e4 c5 2.Nc3 Nc6 3.Bb5 Nd4 4.Bc4 e6 5.Nf3 Ne7 6.O-O Nec6 7.d3 a6 8.Nxd4 Nxd4
9.a4 Be7 10.Ne2 Nc6 11.c3 b6 12.d4 O-O 13.Bd3 cxd4 14.cxd4 Bb7 15.Be3 Rc8
16.Nc3 Nb4 17.Bb1 a5 18.Qg4 Re8 19.f4 d6 20.f5 e5 21.dxe5 dxe5 22.Rd1 Qc7
23.Nb5 Qc4 24.Nd6 Bxd6 25.Rxd6 Red8 26.Ba2 Qxe4 27.Qxe4 Bxe4 28.Rxd8+ Rxd8
29.Bxb6 Rd2 30.Bxa5 Rxg2+ 31.Kf1 Rxh2 32.Bxb4 Rh1+ 33.Kf2 Rxa1 34.Bb3 h5
35.a5 h4 36.Ba3 h3 37.Kg3 Bxf5 38.Bd5 Rd1 39.Bb7 Rd3+ 40.Kh2 Rd2+ 41.Kh1 Rd7
42.a6 Rxb7 43.axb7 Be4+ 44.Kh2 Bxb7 45.Kxh3 f6  0-1

[Event "Australian Open"]
[Site "Cammeray AUS"]
[Date "2011.01.11"]
[Round "9.3"]
[White "Ly,Mo"]
[Black "Brown,An"]
[Result "1-0"]
[WhiteElo "2321"]
[BlackElo "2175"]

1.e4 c5 2.Nc3 Nc6 3.Bb5 g6 4.Bxc6 dxc6 5.d3 Bg7 6.Be3 b6 7.Qd2 e5 8.Nge2 Nf6
9.h3 h6 10.O-O-O a5 11.f4 exf4 12.Bxf4 b5 13.e5 Nd5 14.Ne4 Nxf4 15.Nd6+ Kf8
16.Qxf4 Qg5 17.Rhf1 Qxf4+ 18.Nxf4 Kg8 19.Rde1 Kh7 20.Nxf7 Re8 21.e6 Re7 22.h4 a4
23.Ne5 Rxe6 24.Nxe6 Bxe6 25.a3 Bd5 26.g4 Re8 27.Nd7 Rxe1+ 28.Rxe1 c4 29.Re7 Kg8
30.g5 hxg5 31.hxg5 cxd3 32.cxd3 Bg2 33.Nf6+ Kf8 34.Rc7 Bf3 35.Kd2 Bg2 36.Ke3 Bh1
37.Kf4 Bg2 38.Ke5 Bf1 39.Kd4 Bg2 40.Ke3 Bh1 41.d4 Bg2 42.Kf4 Bh1 43.Kg3 Bd5
44.Nxd5 cxd5 45.Rxg7  1-0

[Event "10th Praha Open A"]
[Site "Prague CZE"]
[Date "2011.01.11"]
[Round "5"]
[White "Bejtovic,J"]
[Black "Chirila,I"]
[Result "1/2-1/2"]
[WhiteElo "2405"]
[BlackElo "2493"]

1.e4 c5 2.Nc3 Nc6 3.Bb5 Nd4 4.Bc4 e6 5.Nge2 a6 6.a4 Qc7 7.d3 Nf6 8.O-O Be7
9.f4 d6 10.Nxd4 cxd4 11.Ne2 d5 12.exd5 exd5 13.Bb3 Bg4 14.h3 Bxe2 15.Qxe2 O-O
16.Bd2 Rfe8 17.Qf3 Bc5 18.Rae1 Qb6 19.Re5 Bd6 20.Rxe8+ Rxe8 21.Re1 Rxe1+
22.Bxe1 Bb4 23.Bh4 Bd2 24.Bxf6 Qxf6 25.Bxd5 Be3+ 26.Kf1 b6 27.Bc4 g6 28.Bxa6 Bc1
29.b3 Qxf4 30.Qxf4 Bxf4 31.Ke2 Bd6 32.Kf3 f5 33.g4 Kg7  1/2-1/2

[Event "118th ch-NZL 2011"]
[Site "Auckland NZL"]
[Date "2011.01.12"]
[Round "11.4"]
[White "Bennett,H"]
[Black "Mc Laren,L"]
[Result "1/2-1/2"]
[WhiteElo "1974"]
[BlackElo "2207"]

1.e4 c5 2.Nc3 Nc6 3.Bb5 g6 4.Bxc6 bxc6 5.d3 Bg7 6.f4 d6 7.Nf3 e6 8.O-O Rb8
9.Qe1 Ne7 10.Kh1 O-O 11.Qh4 Ba6 12.f5 gxf5 13.Bh6 f6 14.Bc1 Qe8 15.Qg3 e5
16.exf5 Nxf5 17.Qf2 Nd4 18.Ne4 Qe6 19.Nh4 f5 20.Ng5 Qf6 21.c3 Ne6 22.Nxe6 Qxe6
23.c4 e4 24.Nxf5 exd3 25.Bg5 Rf7 26.Rae1 Qg6 27.Re7 Rxf5 28.Qxf5 Qxf5 29.Rxf5 Bxc4
30.Rf2 Bxb2 31.Bh6 Be5 32.Rb7 Re8 33.Re7 Rb8 34.Rb7 Re8 35.Re7 Rb8  1/2-1/2

[Event "Australian Open"]
[Site "Cammeray AUS"]
[Date "2011.01.13"]
[Round "11.11"]
[White "Cabilin,J"]
[Black "Hamilton,D"]
[Result "0-1"]
[WhiteElo "1988"]
[BlackElo "2207"]

1.e4 c5 2.Nc3 Nc6 3.Nge2 e6 4.g3 g6 5.d4 cxd4 6.Nxd4 a6 7.Nxc6 bxc6 8.e5 Qc7
9.f4 f6 10.exf6 Nxf6 11.Qd4 Bg7 12.Ne4 O-O 13.Qd6 Qb6 14.Qc5 Qxc5 15.Nxc5 d6
16.Nd3 e5 17.fxe5 dxe5 18.Be2 e4 19.Nc5 Bh3 20.c4 Ng4 21.Bxg4 Bxg4 22.Nb3 e3
23.Rf1 Rxf1+ 24.Kxf1 Rf8+ 25.Kg1 Bh6 26.Nd4 Bh3  0-1

[Event "Marienbad Open"]
[Site "Marianske Lazne CZE"]
[Date "2011.01.18"]
[Round "5"]
[White "Neuman,P"]
[Black "Hlavac,R"]
[Result "1-0"]
[WhiteElo "2476"]
[BlackElo "2083"]

1.e4 c5 2.Nc3 Nc6 3.Bb5 g6 4.Bxc6 dxc6 5.d3 Bg7 6.Be3 b6 7.f4 Nf6 8.Nf3 O-O
9.h3 a5 10.a4 Qc7 11.Qd2 Ba6 12.g4 Rad8 13.Qf2 Rfe8 14.O-O Bc8 15.Qh4 h5
16.f5 Ba6 17.Ng5 hxg4 18.hxg4 c4 19.d4 b5 20.e5 Nd5 21.Nxd5 Rxd5 22.Qh7+ Kf8
23.Ne6+  1-0

[Event "3rd Chennai Open"]
[Site "Chennai IND"]
[Date "2011.01.19"]
[Round "2"]
[White "Babujian,L"]
[Black "Deshmukh,A"]
[Result "0-1"]
[WhiteElo "2456"]
[BlackElo "2311"]

1.e4 c5 2.Nc3 Nc6 3.Bb5 Nd4 4.Nf3 Nxb5 5.Nxb5 d6 6.d4 a6 7.Nc3 cxd4 8.Qxd4 Bg4
9.Bg5 Qa5 10.b4 Qd8 11.Rd1 h6 12.Bh4 Rc8 13.Nd5 Rxc2 14.O-O Qc8 15.b5 axb5
16.Qb4 Rc5 17.e5 Bxf3 18.gxf3 Qc6 19.exd6 Rxd5 20.Rxd5 Qxd5 21.Rc1 f6 22.Qb1 exd6
23.Qg6+ Kd7 24.Qg4+ f5 25.Qb4 Ne7 26.Qa5 g5 27.Bg3 f4 28.a4 fxg3 29.hxg3 Bg7
30.Rc7+ Ke6 31.Qe1+ Be5 32.Qf1 Kf6 33.f4 Bxf4 34.axb5 Be5 35.b6 Nf5 36.Qe2 Ra8
37.Rc1 Ra2 38.Qg4 Rxf2 39.Qh3 Bd4  0-1

[Event "3rd Chennai Open"]
[Site "Chennai IND"]
[Date "2011.01.19"]
[Round "3"]
[White "Grover,S"]
[Black "Ganesh,Ba"]
[Result "1-0"]
[WhiteElo "2462"]
[BlackElo "2078"]

1.e4 c5 2.Nf3 Nc6 3.Nc3 e5 4.Bc4 Be7 5.d3 d6 6.O-O Nf6 7.Ng5 O-O 8.f4 exf4
9.Bxf4 h6 10.Nf3 Be6 11.Nd5 Bxd5 12.Bxd5 Nxd5 13.exd5 Ne5 14.Bxe5 dxe5 15.c4 Bd6
16.g4 f5 17.gxf5 Rxf5 18.Qe2 Qe7 19.Nd2 Raf8 20.Ne4 b6 21.Rxf5 Rxf5 22.Kh1 Bb8
23.Rg1 Qh4 24.Qg2 g5 25.d6 Kf8 26.Ng3  1-0

[Event "B1 Masters"]
[Site "Marianske Lazne CZE"]
[Date "2011.01.19"]
[Round "6"]
[White "Marholev,D"]
[Black "Volodin,V"]
[Result "1/2-1/2"]
[WhiteElo "2401"]
[BlackElo "2223"]

1.e4 c5 2.Nc3 Nc6 3.Bb5 g6 4.Bxc6 dxc6 5.d3 Bg7 6.Be3 b6 7.f4 Nf6 8.Nf3 Ng4
9.Bg1 Bd4 10.h3 Bxg1 11.Rxg1 Nf6 12.Qd2 Bd7 13.O-O-O Qc7 14.g4 O-O-O 15.Kb1 Kb7
16.Qe3 h5 17.g5 Ne8 18.Ne5 Be6 19.Ne2 Nd6 20.c4 Qc8 21.h4 Bg4 22.Nxg4 hxg4
23.Qg3 Rh7 24.Nc3 Rdh8 25.Rh1 f5 26.gxf6 exf6 27.f5 Qd7 28.fxg6 Rh6 29.g7 Rg8
30.d4 Nxc4 31.dxc5  1/2-1/2

[Event "Marienbad Open"]
[Site "Marianske Lazne CZE"]
[Date "2011.01.20"]
[Round "7"]
[White "Simonian,H"]
[Black "Sharapov,E"]
[Result "1/2-1/2"]
[WhiteElo "2475"]
[BlackElo "2468"]

1.e4 c5 2.Nc3 Nc6 3.Bb5 Nd4 4.Bc4 e6 5.Nge2 Nf6 6.O-O a6 7.a4 d5 8.exd5 exd5
9.Ba2 Ne6 10.d3 Be7 11.f4 O-O 12.f5 Nc7 13.a5 Bd7 14.Ng3 Bc6 15.Bd2 Qd7 16.Nh5 Rae8
17.Nxf6+ Bxf6 18.Qg4 Nb5 19.Na4 Nd4 20.Nb6 Qd8 21.c3 Nc2 22.Rad1 Ne3 23.Bxe3 Rxe3
24.Rfe1 Qe7 25.Kf1 d4 26.Rxe3 Qxe3 27.Nd5 Bxd5 28.Bxd5 dxc3 29.bxc3 Bxc3
30.Qe4 Qh6 31.Kg1 Bxa5 32.Bxb7 Bc3 33.Bd5 a5 34.Rb1 Bb4 35.Bb3 Qf6 36.g3 Rd8
37.Kg2 h5 38.Qf3 h4 39.Qe4 Kf8 40.Ba4 h3+ 41.Kxh3 Qh6+ 42.Kg2 Qd2+ 43.Kh3 Qxd3
44.Rd1 Bd2 45.Qe5 Qd4 46.Qc7 Qd6 47.Qa7 Qd5 48.Bc2 Qc6 49.Rb1 Qh6+ 50.Kg2 Bb4
51.Rd1 Qc6+ 52.Kh3 Ra8 53.Qd7 Qxd7 54.Rxd7 a4 55.Be4 Ra6 56.Bd5 Rf6 57.g4 a3
58.Ra7 g6 59.Kg3 Kg7 60.h4 Be1+ 61.Kh3 gxf5 62.g5 Rd6 63.Bxf7 Rd3+ 64.Kg2 Rd2+
65.Kh3 Rd3+ 66.Kg2 Rd2+ 67.Kh3  1/2-1/2

[Event "Marienbad Open"]
[Site "Marianske Lazne CZE"]
[Date "2011.01.20"]
[Round "7"]
[White "Vachulka,V"]
[Black "Koutecky,J"]
[Result "0-1"]
[WhiteElo "1689"]
[BlackElo "1813"]

1.e4 c5 2.Nf3 Nc6 3.Nc3 d6 4.Bc4 Nf6 5.O-O g6 6.Ng5 Ne5 7.Bb5+ Bd7 8.Bxd7+ Qxd7
9.b3 Bg7 10.Rb1 O-O 11.a4 Nc6 12.Nd5 h6 13.Nxf6+ Bxf6 14.Nh3 Nb4 15.d3 Bg7
16.Be3 f5 17.Qd2 Kh7 18.c3 Nc6 19.f3 e5 20.f4 b6 21.fxe5 Nxe5 22.Nf2 Rad8
23.exf5 Rxf5 24.Ne4 d5 25.Ng3 Rxf1+ 26.Rxf1 Ng4 27.Bf4 Re8 28.h3 Ne5 29.Ne2 Qe7
30.Rf2 Nc6 31.Kf1 a6 32.Bg3 b5 33.Nf4 Qd8 34.Re2 Rxe2 35.Nxe2 bxa4 36.bxa4 d4
37.c4 Nb4 38.Nf4 Qf6 39.Kg1 Qf5 40.Bh2 Bf8 41.g4 Qd7 42.Qd1 Qe8 43.Qf3 Qf7
44.Kg2 Bd6 45.Qe4 Nc2 46.Kf3 Kg7 47.Ke2 Ne3  0-1

[Event "Jimmy Quon Memorial"]
[Site "Los Angeles USA"]
[Date "2011.01.22"]
[Round "6"]
[White "Khachiyan,M"]
[Black "Amanov,Z"]
[Result "1/2-1/2"]
[WhiteElo "2518"]
[BlackElo "2421"]

1.e4 c5 2.Nc3 Nc6 3.Bb5 Qc7 4.Nf3 Nf6 5.O-O e6 6.Re1 Be7 7.Bxc6 bxc6 8.e5 Nd5
9.Ne4 f5 10.Ng3 c4 11.d3 cxd3 12.Qxd3 Bb7 13.a3 c5 14.c4 Nb6 15.Bg5 Nc8 16.Rad1 Bc6
17.Bxe7 Nxe7 18.Qd6 Rc8 19.Ng5 h6 20.Nh3 Qb7 21.Nf4 Kf7 22.b4 cxb4 23.axb4 a6
24.h4 g5 25.Nd5 Bxd5 26.cxd5 gxh4 27.dxe6+ dxe6 28.Nh5 Rc4 29.Ng7 Rc6 30.Qd7 Qxd7
31.Rxd7 Kxg7 32.Rxe7+ Kg6 33.Rd1 f4 34.Kh2 Rf8 35.Kh3 Kf5 36.Rd6 Rxd6 37.exd6 Rd8
38.d7 e5 39.Kxh4 Kf6 40.Rh7  1/2-1/2

[Event "Oceania Zonal"]
[Site "Rotorua NZL"]
[Date "2011.01.25"]
[Round "1.12"]
[White "Lynn,W"]
[Black "Feldman,V"]
[Result "0-1"]
[WhiteElo "1962"]
[BlackElo "2262"]

1.e4 c5 2.Nc3 Nc6 3.Bb5 g6 4.Bxc6 dxc6 5.f4 Bg7 6.Nf3 c4 7.O-O Nf6 8.h3 b5
9.Qe1 O-O 10.g4 b4 11.Nd1 Ba6 12.c3 c5 13.e5 Nd5 14.Qg3 Bb7 15.Ne3 Nxe3 16.dxe3 Qd3
17.Ne1 Qd5 18.e4 Qxe4 19.Be3 Rad8 20.Rc1 f6 21.e6 f5 22.Qf3 Qxf3 23.Nxf3 bxc3
24.bxc3 Rd3 25.Kf2 fxg4 26.hxg4 Rf6 27.Ne5 Rxe6 28.Nxd3 cxd3 29.c4 Bd4 30.Rce1 Bc3
31.Rb1 Be4 32.Rb8+ Kf7 33.Rb3 Bg7 34.Bxc5 h5 35.gxh5 gxh5 36.Be3 Bf6 37.Kg1 Bf5
38.Bxa7 Ra6 39.Bf2 Rxa2 40.c5 Rc2 41.Rd1 Bc3 42.c6 d2 43.Be3 Bg4 44.c7 Ba5
45.Rb5 Bxd1 46.Rxa5 Bg4 47.Bxd2 Rxd2 48.Rc5 Bc8 49.Rxh5 Rc2 50.Rh7+ Kf6 51.Rh8 Rxc7
52.Kf2 Rc3 53.Rf8+ Kg7 54.Re8 Kf7 55.Rh8 Bf5 56.Rb8 Be4 57.Rb4 Bd5 58.Rd4 e6
59.Ke2 Kf6 60.Kd2 Rc4  0-1

[Event "3rd Chennai Open"]
[Site "Chennai IND"]
[Date "2011.01.26"]
[Round "11"]
[White "Pranav,S"]
[Black "Stany,G"]
[Result "1-0"]
[WhiteElo "2163"]
[BlackElo "2395"]

1.e4 c5 2.Nf3 Nc6 3.Nc3 Nf6 4.Bb5 Qc7 5.O-O Nd4 6.Re1 a6 7.e5 Nxb5 8.exf6 Nxc3
9.fxg7 Bxg7 10.dxc3 d6 11.Qd3 Bg4 12.h3 Bh5 13.Nh4 e6 14.Nf5 Bf8 15.Bg5 Rg8
16.h4 Bg6 17.Qf3 Qc6 18.Qf4 d5 19.Rad1 Bxf5 20.Qxf5 h6 21.Bf6 Rg6 22.h5 Kd7
23.Qf3 Rg8 24.c4 d4 25.Re4 Be7 26.Rde1 Bd6 27.c3 dxc3 28.Qxc3 Rae8 29.Qe3 Bf8
30.g3 Kc8 31.Qf4 b6 32.b3 Bd6 33.Qxh6 Bxg3 34.fxg3 Rxg3+ 35.Kh2 Reg8 36.Qf4 Rg2+
37.Kh3 Qd7 38.Be5 R2g5 39.Qf3 f6 40.Rd1 Qf7 41.Rh4 Qa7 42.Qc6+  1-0

[Event "Oceania Zonal"]
[Site "Rotorua NZL"]
[Date "2011.01.27"]
[Round "4.8"]
[White "Ly,Mo"]
[Black "Oliver,G"]
[Result "1-0"]
[WhiteElo "2321"]
[BlackElo "2210"]

1.e4 c5 2.Nc3 Nc6 3.Bb5 Nd4 4.Bc4 g6 5.Nf3 Bg7 6.Nxd4 cxd4 7.Qf3 e6 8.Nb5 d6
9.Qa3 Bf8 10.Nxd4 d5 11.Bb5+ Bd7 12.Qd3 Bg7 13.exd5 a6 14.Bxd7+ Qxd7 15.Nf3 exd5
16.O-O Ne7 17.Qb3 d4 18.d3 O-O 19.Bd2 Rac8 20.Rfe1 Nc6 21.Re4 Rfe8 22.Rae1 Rxe4
23.Rxe4 Nd8 24.Re2 Ne6 25.h3 Rc5 26.c4 b5 27.cxb5 Rxb5 28.Qa4 Qc8 29.b4 h6
30.Re1 Qb7 31.Rc1 Kh7 32.Rc4 Qb6 33.Qc2 Bf8 34.a4 Rd5 35.Rc6 Qb7 36.Qc4 Rd7
37.Ne5 Rd6 38.Rxd6 Bxd6 39.Qc6 Qe7 40.Qe4 Ng5 41.Bxg5 Qxg5 42.f4 Qe7 43.b5 axb5
44.axb5 f5 45.Qd5 g5 46.g3 gxf4 47.gxf4 Qc7 48.Qf7+ Qxf7 49.Nxf7 Bxf4 50.b6  1-0

[Event "16th HIT Open"]
[Site "Nova Gorica SLO"]
[Date "2011.01.28"]
[Round "1"]
[White "Simonian,H"]
[Black "Franca,Veronika"]
[Result "1-0"]
[WhiteElo "2475"]
[BlackElo "1808"]

1.e4 c5 2.Nc3 Nc6 3.Bb5 Nf6 4.Nge2 g6 5.O-O Bg7 6.d3 O-O 7.Bxc6 bxc6 8.Be3 d6
9.h3 Ba6 10.b3 Ne8 11.Qd2 Nc7 12.Bh6 Ne6 13.Bxg7 Kxg7 14.f4 Nd4 15.f5 Qa5
16.Qf4 Qd8 17.Nxd4 cxd4 18.Ne2 c5 19.h4 h6 20.Qg3 Bc8 21.Nf4 Qe8 22.Nd5 Qd8
23.Nxe7 Bb7 24.Nxg6 fxg6 25.Qxg6+ Kh8 26.Qxh6+ Kg8 27.Qg6+ Kh8 28.f6  1-0

[Event "Oceania Zonal"]
[Site "Rotorua NZL"]
[Date "2011.01.28"]
[Round "6.3"]
[White "Ly,Mo"]
[Black "Brown,An"]
[Result "1-0"]
[WhiteElo "2321"]
[BlackElo "2175"]

1.e4 c5 2.Nc3 Nc6 3.Bb5 Nd4 4.Bc4 g6 5.Nf3 Bg7 6.Nxd4 cxd4 7.Qf3 e6 8.Nb5 d6
9.Qa3 Ke7 10.c3 dxc3 11.dxc3 a6 12.Nd4 Qc7 13.Bd3 Nf6 14.O-O Nd7 15.Be3 Nc5
16.Bc2 b5 17.f4 Bb7 18.e5 Ne4 19.Bxe4 Bxe4 20.exd6+ Qxd6 21.Nf5+ gxf5 22.Bc5 Rhd8
23.Rfe1 Bh6 24.g3 Bf8 25.Rxe4 fxe4 26.Rd1 Qxc5+ 27.Qxc5+ Ke8 28.Qc6+ Ke7
29.Re1 f5 30.Qb7+ Kf6 31.Qxh7 Bc5+ 32.Kh1 Rd2 33.g4 fxg4 34.Qh4+ Kf7 35.Qh5+ Kg7
36.Qxc5 Rh8 37.Qe5+ Kg8 38.Qxe6+ Kf8 39.Qf5+  1-0

[Event "TCh-CAT Div Hon"]
[Site "Barcelona ESP"]
[Date "2011.01.29"]
[Round "1"]
[White "Ubach Miralda,M"]
[Black "Gardela Batlle,J"]
[Result "0-1"]
[WhiteElo "2261"]
[BlackElo "2178"]

1.e4 c5 2.Nc3 Nc6 3.Nge2 Nd4 4.f4 g6 5.Nxd4 cxd4 6.Nb5 Bg7 7.c3 dxc3 8.Nxc3 e6
9.Bc4 Ne7 10.Qf3 Qb6 11.d3 a6 12.Bb3 d6 13.Be3 Qa5 14.O-O O-O 15.Qg3 d5 16.Qf2 Qd8
17.Bb6 Qd6 18.Bc5 Qd8 19.Rfe1 dxe4 20.dxe4 b5 21.Rad1 Qc7 22.Bd6 Qb7 23.e5 Re8
24.Bc2 Bd7 25.Ne4 Nd5 26.Qh4 Rec8 27.Bb3 Qb6+ 28.Kh1 Bc6 29.Bc5 Qd8 30.Bf2 h6
31.Rd3 Qc7 32.Rc1 Qd7 33.Nf6+ Bxf6 34.exf6 Qc7 35.f5 Qf4 36.fxe6 Qxc1+ 37.Rd1 Qg5  0-1